000 00612nam a22001337a 4500
040 _cRUA
082 _aVEM CHH 2015 Or.1
100 _aCHHOEY SARAN; ឆឹឹយ សារ៉ាណ
245 _aPrevalence of external parasites on dogs at Dangkor commune, Dangkor distict, Phnom Phenh city; កម្រិតរាលដាលនៃបរាសិតខាងក្រៅសុនខ នៅសង្កាត់ដង្កោ ខណ្ឌដង្កោ រាធានីភ្នំពេញ
260 _aPhnom Penh
_bRUA
_c2015
300 _ax; 40p';
_bill;
_c29;
856 _u CHHOEY SARAN
942 _cVEM
999 _c10393
_d10393